DC Characters A-Z - Statistics

General Stats
  • This quiz has been taken 191 times
  • The average score is 14 of 26
Answer Stats
Picture Answer % Correct
Batman
100%
Joker
96%
Harley Quinn
95%
Green Lantern
94%
Robin
94%
Superman
94%
Lex Luthor
93%
Nightwing
91%
Martian Manhunter
84%
Darkseid
80%
Killer Croc
75%
Zatanna
70%
Captain Atom
68%
Question
53%
Ocean Master
31%
Parallax
23%
Ultra-Humanite
20%
Eclipso
18%
Vicki Vale
18%
Weather Wizard
18%
Immortal Man
16%
Yo-Yo
16%
Anti-Moniter
11%
Tala
5%
False Face
4%
Xombi
3%
No matching quizzes found
Score Distribution
Percent of People with Each Score
Percentile by Number Answered
Your Score History
You have not taken this quiz